Normal view MARC view
  • Businessmen

Entry Topical Term

Number of records used in: 3

001 - CONTROL NUMBER

  • control field: 12077

003 - CONTROL NUMBER IDENTIFIER

  • control field: NUST

005 - DATE AND TIME OF LATEST TRANSACTION

  • control field: 20180730061609.0

008 - FIXED-LENGTH DATA ELEMENTS

  • fixed length control field: 180730|| aca||aabn | a|a d

040 ## - CATALOGING SOURCE

  • Original cataloging agency: NUST
  • Transcribing agency: NUST

150 ## - HEADING--TOPICAL TERM

  • Topical term or geographic name entry element: Businessmen
  • General subdivision: Crimes against
  • Form subdivision: Fiction.

670 ## - SOURCE DATA FOUND

  • Source citation: Work cat.: (NUST)234418: Robb, J. D., 1950- 11420, Strangers in death /, 2008.
© 2023 Central Library, National University of Sciences and Technology. All Rights Reserved.